| 000 | 00504nam a22001697a 4500 | ||
|---|---|---|---|
| 003 | NUST | ||
| 005 | 20260514122231.0 | ||
| 008 | 260514b ||||| |||| 00| 0 eng d | ||
| 020 | _a978-1-108-47512-9 | ||
| 082 |
_a551.58 _bMAN |
||
| 100 |
_aManujauth V. Joshi, Kishor P. Upla. _9134472 |
||
| 245 |
_aMulti-Resolution Image Fusion in Remote Sensing / _cManujauth V. Joshi, Kishor P. Upla. |
||
| 260 |
_aUK: _bCambridge, _c2019. |
||
| 300 |
_a234 p ; _c28.45 cm |
||
| 563 | _aHardcover | ||
| 942 |
_2ddc _cBK |
||
| 999 |
_c617464 _d617464 |
||